Historia, geografía y ciencias sociales 6° Básico: Guía didáctica del docente tomo1
Gespeichert in:
| 1. Verfasser: | |
|---|---|
| Weitere Verfasser: | |
| Format: | Buch |
| Sprache: | Spanisch |
| Erschienen: |
Santiago
Santillana / MINEDUC
2020
|
| Ausgabe: | 2ed |
| Katalog: | MANES: Suchergebnis im Bibliothekskatalog |
| Schulbuchspezifische Eigenschaften: |
|
| Tags: |
Tag hinzufügen
Keine Tags, Fügen Sie den ersten Tag hinzu!
|
| Hinzugefügt zu: | 01.02.2026 |
| Geändert in: | 02.02.2026 |
MARC
| LEADER | 00000nam a22000007a 4500 | ||
|---|---|---|---|
| 003 | OSt | ||
| 005 | 20260202202243.0 | ||
| 008 | 260202b |||||||| |||| 00| 0 spa d | ||
| 040 | |a centro_ manes |c MGM | ||
| 100 | |a Garrido, Mabelin |9 46351 | ||
| 245 | |a Historia, geografía y ciencias sociales 6° Básico: Guía didáctica del docente tomo1 | ||
| 250 | |a 2ed | ||
| 260 | |a Santiago |b Santillana / MINEDUC |c 2020 | ||
| 300 | |a 228p |c 23*27,5 cm. | ||
| 546 | |a Chile | ||
| 561 | |3 Chile. Museo de la Educación Gabriela Mistral |5 T. Historia 0188 |a cl-MGM |k MANES | ||
| 690 | |a HI | ||
| 691 | |a PRI | ||
| 700 | |a Olate, Daniel |9 46352 |a Orellana, Karla |9 46353 | ||
| 942 | |2 ddc |c BK | ||
| 999 | |c 105321 |d 105321 | ||
| 999 | |c manes:105321 |d 105321 | ||